Cycles, motives and shimura varieties : (Record no. 148025)
[ view plain ]
| 000 -LEADER | |
|---|---|
| fixed length control field | 00556nam a22001577a 4500 |
| 005 - DATE AND TIME OF LATEST TRANSACTION | |
| control field | 20251120124855.0 |
| 010 ## - LCCN (DPL NO) | |
| LC control number | ENG-144998 |
| 020 ## - INTERNATIONAL STANDARD BOOK NUMBER | |
| International Standard Book Number | 9788184870855 |
| Terms of availability | 854.00 |
| 037 ## - SOURCE OF ACQUISITION | |
| Stock number | DBAD/PUB |
| 245 ## - TITLE STATEMENT | |
| Title | Cycles, motives and shimura varieties : |
| Statement of responsibility, etc | edited by V.Srinivas |
| Remainder of title | Proceedings of the international colloquium on / |
| 260 ## - PUBLICATION, DISTRIBUTION, ETC. (IMPRINT) | |
| Place of publication, distribution, etc | New Delhi |
| Name of publisher, distributor, etc | N.K. Mehra for Narosa Publishing House Pvt. Ltd. |
| Date of publication, distribution, etc | 2010 |
| 270 ## - ADDRESS | |
| Address | 22 Delhi Medical Association Road,Daryaganj,New Delhi-110002 |
| 300 ## - PHYSICAL DESCRIPTION | |
| Extent | 530p. |
| Dimensions | 22cm.(hb) |
| 700 ## - ADDED ENTRY--PERSONAL NAME | |
| Dates associated with a name | Srinivas, V. |
| 9 (RLIN) | 81486 |
| 942 ## - ADDED ENTRY ELEMENTS (KOHA) | |
| Source of classification or shelving scheme | Dewey Decimal Classification |
| Item type | English Books |
| Withdrawn status | Lost status | Not for loan | Collection code | Home library | Current library | Date acquired | Source of acquisition | Cost, normal purchase price | Copy number | Cost, replacement price | Koha item type | Full call number | Barcode |
|---|---|---|---|---|---|---|---|---|---|---|---|---|---|
| Not For Loan | Non-fiction | D.B.Act.Division | D.B.Act.Division | 15/12/2017 | DBAD/PUB | 854.00 | 1 | 854.00 | English Books | ||||
| Non-fiction | RC3 Shakur Pur | RC3 Shakur Pur | 27/05/2025 | DBAD | 854.00 | 1 | 854.00 | English Books | 514.2 CYC | EN-128530 |
